| 000 | 00422nam a2200169Ia 4500 | ||
|---|---|---|---|
| 003 | GCL | ||
| 008 | 140319s9999 xx 000 0 eng d | ||
| 040 |
_aGCL / _cGCL |
||
| 082 | 0 | 4 |
_a149.94 _bK M |
| 100 | 1 | _aKATZ, JERROLD | |
| 245 | 1 | 0 |
_aTHE METAPHYSICS OF MEANING / _cKATZ, JERROLD |
| 260 |
_a[S.N] : _bABRAD FORD BOOK ، _c1990 |
||
| 300 | _a356 P | ||
| 650 | 0 | 4 | _aPHILOSOPHY |
| 650 | 0 | 4 | _aLANGUAGES |
| 942 |
_2ddc _cBK |
||
| 999 |
_c10387 _d10387 |
||